000 00933nam a2200265Ia 4500
003 OSt
005 20221005111116.0
006 a|||||r|||| 00| 0
007 ta
008 221004b |||||||| |||| 00| 0 hin d
020 _a97898181439413 (pbk)
_c300
024 _a17280
037 _b520, 21/03/2015, Vani Prakashan
_cTextual
040 _aCRL
_cCRL
_bhin
041 _2hin
_ahin
082 _aNW44wN42, 152P8
100 _aयुगांक धीर
245 0 _aअमिताभ की संघर्ष - कथा
246 _aAmitābh kī sangharṣha - kathā
260 _aनई दिल्ली
_bवाणी प्रकाशन भारत
_c2015
300 _a150पृ0
_ccm.
650 _aल्थ्ल्त् क्ल्ज्ञ
942 _hNW44wN42, 152P8
_cTEXL
_2cc
999 _c1020846
_d1020846